000 00440nam a2200181Ia 4500
003 GCL
008 140319s9999 xx 000 0 eng d
040 _aGCL /
_cGCL
082 0 4 _a843
_bK J
100 1 _aKLEE, PAUL
245 1 0 _aJOURNAL /
_cKLEE, PAUL
260 _a[S.N] :
_bBERNARD GRASSET ،
_c1995
300 _a327 P
490 _aLES CAHIERS ROUGES
_v0
650 0 4 _aLITERATURE
650 0 4 _aFRENCH LITERATURE
942 _2ddc
_cBK
999 _c21480
_d21480